| 000 | 00980cab a2200241 4500 | ||
|---|---|---|---|
| 001 | ABS54219 | ||
| 008 | 090401t1995 xxu||||| |||| 00| 0 eng d | ||
| 035 | _a(Sirsi) u9083 | ||
| 041 | _aeng | ||
| 245 | _aSullivan v Layton Lougher & Co | ||
| 260 | _c1995 | ||
| 350 | _a0 | ||
| 490 |
_aEstates Gazette _v(1995) 49 EG 127-128(2) |
||
| 520 | _aCA 28 February 1995. The plaintiff purchased the unexpired 63-year term of leasehold premises. The plaintiff alleged the defendant solicitors did not advise him that the lease had been extended under the Leasehold Reform Act 1967, allowing no further extension under that act. The plaintiff`s appeal against the decision that this claim was statute-barred, was dismissed. | ||
| 650 | _aENTITLEMENT | ||
| 650 | _aLEASEHOLD ENFRANCHISEMENT | ||
| 650 | _aLIMITATION PERIOD | ||
| 650 | _aNEGLIGENCE | ||
| 650 | _aSOLICITORS | ||
| 690 | _aMANAGEMENT-BUSINESS MANAGEMENT-PROFESSIONAL PRACTICE | ||
| 942 | _n0 | ||
| 948 | _c04/03/1997 | ||
| 999 |
_c5629 _d5629 |
||